1155 1076 1772 1291 1381 1018 1085 1624 1433 1322 1083 1643 1890 1981 1451 1841 1285 1435 1652 1696 1275 1780 1636 1746 1378 1013 1820 1429 1644 1222 1335 1703 1980 1678 1864 1665 1088 1499 1848 1795 1313 1687 1464 1842 1525 1203 1126 1480 1043 1738 1532 1046 1847 1346 1791 1920 1948 1236 1723 1519 1142 1107 1629 1375 1746 1580 1515 1899 1171 1055 1385 1066 1583 1744 1381 1554 1987 1793 1249 1288 1281 1274 1495 1158 1418 1629 1190 1135 1998 1079 1142 1903 1294 1744 1864 1539 1901 1942 1986 BCNSPRNW ULIB Ver.6.0+V

เปลี่ยนเป็นภาษาไทย

Change to English
 แสดงรายละเอียดบรรณานุกรม
  กลับหน้าหลัก

Brief Record : Get Marc (ISO 2709) : E-mail record : QR code < ปิดหน้าต่าง
LEADER : 00000nam 2200000uu 4500
001    13399111296
003     ULIB
008    110622s2550||||th 000 0 tha d
020    9789748818771
060 04 WY20.5^bพ872ห 2550
100 0  เพชรน้อย สิงห์ช่างชัย
245 10 หลักการและการใช้วิจัยเชิงคุณภาพสำหรับทางการพยาบาลและสุขภาพ=^bPrinciples and using qualitative research in nursing and health /^cเพชรน้อย สิงห์ช่างชัย
246 31 Principles and using qualitative research in nursing andhealth
250    พิมพ์ครั้งที่ 1
260    สงขลา :^bชานเมืองการพิมพ์,^c2550
300    ก-จ, 256 หน้า :^cภาพประกอบ ;^c26 ซม.
504    มีบรรณานุกรมและดัชนี
650  7 การพยาบาล
650  7 วิจัย
945    ^p280^l0^i14223
995    เกษร
999    ^aใช้งานได้ทุกระบบ
รายการนี้ยังไม่มีแท็ก
คุณยังไม่ได้ล็อกอิน คุณสามารถมีกิจกรรมร่วมกับเว็บไซต์ได้ แต่ต้องล็อกอินก่อน ::
  ล็อกอิน

รายการสื่อสารสนเทศ

ลำดับที่ ประเภท เลขเรียก/บาร์โค้ด สถานที่ สถานะ
- ไม่พบข้อมูล -

รายการใกล้เคียง
    ผู้แต่ง [เพชรน้อย สิงห์ช่างชัย]

    หัวเรื่อง [การพยาบาล]
    หัวเรื่อง [วิจัย]

BibComment


ยังไม่เคยถูกคอมเมนท์

คอมเมนท์ทรัพยากรรายการนี้
  คอมเมนท์: หลักการและการใช้ว..


 Copyright 2026. Bcnsprnw @Library